[Event "SRI-ch Dini"]
[Site "Colombo"]
[Date "2024.07.29"]
[Round "1"]
[White "De Silva, Elath Mathanga"]
[Black "Manuranga, D Lahiru"]
[Result "1-0"]
[WhiteElo "1804"]
[BlackElo "1711"]
[PlyCount "79"]
[EventDate "2024.07.29"]
[EventType "swiss"]
[EventRounds "10"]
[EventCountry "SRI"]
[SourceTitle "CBM 221 Extra"]
[Source "ChessBase"]
[SourceDate "2024.09.30"]
[SourceVersion "1"]
[SourceVersionDate "2024.09.30"]
[SourceQuality "1"]

1. Nf3 Nf6 2. d4 e6 3. c4 d5 4. g3 Ne4 5. Bg2 Bb4+ 6. Bd2 Nxd2 7. Nbxd2 dxc4 8. Rc1 Nc6 9. Rxc4 Bd7 10. 0-0 0-0 11. a3 Bd6 12. Ne4 Qe7 13. Qb1 f5 14. Nxd6 cxd6 15. Rd1 Rac8 16. b4 b5 17. Rcc1 d5 18. Rc5 a5 19. e3 axb4 20. axb4 Nd8 21. Rxc8 Bxc8 22. Rc1 Nb7 23. Ne5 Nd6 24. Rc5 Bd7 25. Rc7 Rd8 26. Nc6 Qe8 27. Nxd8 Qxd8 28. Ra7 Nc4 29. Qa1 Nb6 30. Qa6 Nc8 31. Rb7 Qe7 32. Rc7 Qd8 33. Rc5 Nb6 34. Qa5 Qb8 35. Bf1 Na4 36. Rc7 Be8 37. Ra7 Nb6 38. Bxb5 Bxb5 39. Qxb5 h6 40. Ra6 1-0

[Event "Ambalangoda Dhamso op 5th"]
[Site "Ambalangoda"]
[Date "2015.05.30"]
[Round "4"]
[White "Madushanka, Harsha"]
[Black "Manuranga, D Lahiru"]
[Result "0-1"]
[WhiteElo "1839"]
[BlackElo "1602"]
[PlyCount "80"]
[EventDate "2015.05.29"]
[EventType "swiss"]
[EventRounds "9"]
[EventCountry "SRI"]
[SourceTitle "EXT 2016"]
[Source "ChessBase"]
[SourceDate "2015.10.08"]
[SourceVersion "1"]
[SourceVersionDate "2015.10.08"]
[SourceQuality "1"]

1. e4 c5 2. Nc3 e6 3. d3 Nc6 4. Nge2 d5 5. exd5 exd5 6. d4 cxd4 7. Nxd4 Bb4 8. Nxc6 Bxc3+ 9. bxc3 bxc6 10. Ba3 Ne7 11. Bd3 0-0 12. 0-0 Re8 13. c4 Be6 14. Bxe7 Qxe7 15. cxd5 Bxd5 16. c4 Be6 17. Qc2 h6 18. Rfe1 Qc5 19. Rab1 Rab8 20. h3 Red8 21. Rb3 Rb6 22. Rd1 g6 23. Rdb1 Rd4 24. Rc3 Qg5 25. Rxb6 axb6 26. Bf1 Rd2 27. Qa4 Qc5 28. Re3 b5 29. Qa5 Rd1 30. Qc3 Qxc4 31. Qf6 Qxf1+ 32. Kh2 Qc4 33. Rg3 Qe4 34. Ra3 c5 35. f3 Qc4 36. f4 Rd2 37. Rg3 Qd4 38. Qh4 Kh7 39. Rf3 Bd5 40. Rg3 Rd1 0-1